Sequenciaram o genoma humano... E agora? (Record no. 63893)

MARC details
000 -LÍDER
campo de controle de tamanho fixo 00435 a2200157 4500
001 - NÚMERO DE CONTROLE
campo de controle 63893
020 ## - ISBN - INTERNATIONAL STANDARD BOOK NUMBER
ISBN - International Standard Book Number 8516029301
040 ## - FONTE DA CATALOGAÇÃO
Instituição que transcreveu o registro Anchieta - Pituba
100 ## - ENTRADA PRINCIPAL--NOME PESSOAL
Nome pessoal Pereira, Lygia da Veiga
240 10 - TÍTULO UNIFORME
Título uniforme Sequenciaram o genoma humano... E agora?
Idioma da obra por
245 10 - TÍTULO
Título Sequenciaram o genoma humano... E agora?
300 ## - DESCRIÇÃO FÍSICA
Extensão 111
362 0# - DATAS DE PUBLICAÇÃO E/OU DESIGNAÇÃO SEQUENCIAL
Datas de publicação e/ou designação sequencial 2001
650 #4 - ASSUNTO--TERMO TÓPICO
Cabeçalho tópico ou nome geográfico Genética fisiológica (Genética molecular humana) Genoma humano
942 ## - ELEMENTOS DE ENTRADA ADICIONADOS (KOHA)
Tipo de material Koha Livros
Holdings
Situação do descarte Situação das perdas Situação física Não pode ser emprestado Biblioteca de origem Biblioteca atual Data de aquisição Total de empréstimos Número de chamada completo Código de barras Data de último acesso Data do preço efetivo Tipo de material Koha
        Colégio Anchieta - Pituba Colégio Anchieta - Pituba 21/11/2023   611 01816 P436s PER SEQ 17493/PIT 21/11/2023 21/11/2023 Livros